Normal view
MARC view
Entry Personal Name
001 - CONTROL NUMBER
- control field: 17908
003 - CONTROL NUMBER IDENTIFIER
- control field: ARRUPE
005 - DATE AND TIME OF LATEST TRANSACTION
- control field: 20150521130241.0
008 - FIXED-LENGTH DATA ELEMENTS
- fixed length control field: 150521|| aca||aabn | a|a d
040 ## - CATALOGING SOURCE
- Original cataloging agency: ARRUPE
- Transcribing agency: ARRUPE
100 ## - HEADING--PERSONAL NAME
- Personal name: Whittaker, Edmund
- Relator term: ed.
670 ## - SOURCE DATA FOUND
- Source citation: Work cat.: (ARRUPE)122669: Newton, Isaac, 1642-1727. 17200, Opticks;, [1952]